| 000 | 01503nam a2200385 a 4500 | ||
|---|---|---|---|
| 999 |
_c28717 _d28688 |
||
| 001 | 3417554 | ||
| 003 | EG-ScBUE | ||
| 005 | 20200913124608.0 | ||
| 008 | 900830t1991 paua f bd 001 0 eng d | ||
| 020 | _a0030345847 | ||
| 020 | _a9780030345845 | ||
| 040 |
_aDLC _beng _erda _cDLC _dEG-ScBUE |
||
| 082 | 0 | 4 |
_a520 _bABE _222 |
| 100 | 1 |
_aAbell, George O. _q(George Ogden), _d1927-1983, _eauthor. |
|
| 245 | 1 | 0 |
_aExploration of the universe / _cGeorge O. Abell, professor of astronomy, University of California, Los Angeles, David Morrison, chief, space science divsion, NASA Ames Research Center, Sidney C. Wolff, director, National Optical Astronomy Observatories. |
| 250 | _aSixth edition. | ||
| 264 | 1 |
_aPhiladelphia : _bSaunders College Publishing, _c[1991] |
|
| 264 | 4 | _cc1991 | |
| 300 |
_axiv, 682 pages : _bcolor illustrations ; _c29 cm. |
||
| 336 |
_2rdacontent _atext _btxt |
||
| 337 |
_2rdamedia _aunmediated _bn |
||
| 338 |
_2rdacarrier _avolume _bnc |
||
| 490 | 0 | _aSaunders golden sunburst series | |
| 500 | _aIncludes appendices. | ||
| 500 | _aIncludes glossary. | ||
| 504 | _aIncludes bibliographical references and index. | ||
| 650 | 7 |
_aAstronomy. _2BUEsh |
|
| 653 |
_bGGEN _cSeptember2020 |
||
| 655 |
_vReading book _934232 |
||
| 700 | 1 |
_aMorrison, David, _d1940- _eauthor. |
|
| 700 | 1 |
_aWolff, Sidney C., _eauthor. _938516 |
|
| 906 |
_a7 _bcbc _corignew _d3 _eocip _f19 _gy-gencatlg |
||
| 942 |
_2ddc _cBB |
||